LEADER 01114nam0-2200313---450- 001 990008137530403321 005 20050629103756.0 010 $a3-428-11039-0 035 $a000813753 035 $aFED01000813753 035 $a(Aleph)000813753FED01 035 $a000813753 100 $a20050627d2003----km-y0itay50------ba 101 0 $ager 102 $aDE 105 $ay---m---001yy 200 1 $aVerfassungsmässigkeit berufs- und standesrechtlicher Werbebeschränkungen für Angehörige freier Berufe$edargestellt am Beispiel der Regelungen für Rechtsanwälte, Ärzte und Apotheker$fvon Wofgang Bompa 210 $aBerlin$cDuncker und Humblot$dc2003 215 $a426 p.$d24 cm 225 1 $aSchriften zum öffentlichen Recht$v917 676 $a331.540943$v21$zita 700 1$aBomba,$bWolfgang$0498051 801 0$aIT$bUNINA$gRICA$2UNIMARC 901 $aBK 912 $a990008137530403321 952 $aCOLLEZIONI 147 (917)$b47147*$fFGBC 959 $aFGBC 996 $aVerfassungsmässigkeit berufs- und standesrechtlicher Werbebeschränkungen für Angehörige freier Berufe$9756681 997 $aUNINA LEADER 01423nam--2200397---450- 001 990000489210203316 005 20090806101836.0 010 $a88-13-18300-3 035 $a0048921 035 $aUSA010048921 035 $a(ALEPH)000048921USA01 035 $a0048921 100 $a20010601d1993----km-y0itay0103----ba 101 $aita 102 $aIT 105 $a||||||||001yy 200 1 $aInquinamento idrico$ela disciplina amministrativa, penale e dei controlli nello Stato e nella regione Veneto$fLuciano Butti 210 $aPadova$cCEDAM$d1993 215 $aXIV, 225 p.$d24 cm 225 2 $aQuaderni ISAPREL$fIstituto superiore per l'addestramento del personale delle regioni e degli enti locali$v2 410 $12001$aQuaderni ISAPREL$fIstituto superiore per l'addestramento del personale delle regioni e degli enti locali$v2 606 0 $aAcque$xInquinamento$xControllo 606 0 $aAcque$xInquinamento$xControllo$yVeneto 676 $a363.7394 700 1$aBUTTI,$bLuciano$034859 801 0$aIT$bsalbc$gISBD 912 $a990000489210203316 951 $aXXIV.3.P 439 (IG IV 924)$b2701 G$cXXIV.3.P 439 (IG IV)$d00238155 959 $aBK 969 $aGIU 979 $aPATTY$b90$c20010601$lUSA01$h1219 979 $c20020403$lUSA01$h1657 979 $aPATRY$b90$c20040406$lUSA01$h1634 979 $aRSIAV5$b90$c20090806$lUSA01$h1018 996 $aInquinamento idrico$9888099 997 $aUNISA